| 000 | 01252cam a22003254a 4500 | ||
|---|---|---|---|
| 001 | 13189178 | ||
| 003 | OSt | ||
| 005 | 20160916173304.0 | ||
| 008 | 030507s2004 maua b 001 0 eng | ||
| 010 | _a 2003052734 | ||
| 020 | _a0-07-282332-1 (softcover : alk. paper) | ||
| 040 |
_aDLC _cDLC _dDLC |
||
| 042 | _apcc | ||
| 043 | _an-us--- | ||
| 050 | 0 | 0 |
_aLB1584 _b.F37 2004 |
| 082 | 0 | 0 |
_aDC 372.83044 _22004 _bF24e |
| 100 | 1 | _aFarris, Pamela J. | |
| 245 | 1 | 0 |
_aElementary and middle school social studies : _ban interdisciplinary instructional approach / _cPamela J. Farris. |
| 246 | 3 | _aElementary & middle school social studies | |
| 250 | _aFourth Edition | ||
| 260 |
_aBoston, Mass. : _bMcGraw-Hill, _cc2004. |
||
| 300 |
_axvii, 112 pages: _billustrations (some colored) ; _c24 cm. |
||
| 504 | _aIncludes bibliographical references and indexes. | ||
| 650 | 0 |
_aSocial sciences _xStudy and teaching (Elementary) _zUnited States. |
|
| 650 | 0 |
_aSocial sciences _xStudy and teaching (Middle school) _zUnited States. |
|
| 650 | 0 |
_aInterdisciplinary approach in education _zUnited States. |
|
| 906 |
_a7 _bcbc _corignew _d1 _eocip _f20 _gy-gencatlg |
||
| 942 |
_2ddc _cDC |
||
| 999 |
_c4561 _d4561 |
||